Personnages dessins animés - Statistiques

Statistiques générales
  • Ce quiz a été pris 3 004 fois
  • Le résultat moyen est 12 sur 16
Statistiques - réponses
Par images Réponse % Correct
Bob l'éponge
99%
Dora
99%
Oui-Oui
98%
Peppa Pig (Peppa Cochon)
97%
Garfield
96%
Charlotte aux fraises/Fraisinette
95%
Benjamin/Franklin
92%
Scooby-Doo
82%
Diego
80%
Tom Tom et Nana
80%
Les Super Nanas
63%
Caillou
56%
Clifford
52%
Marcelino
52%
Johnny Test
25%
Arthur
16%
Aucun quiz correspondant
Distribution des résultats
% des personnes avec chaque résultat
Percentile par nombre de réponses
Votre historique - résultats
Vous n’avez pas pris ce quiz